|
|
|
|
| LEADER |
00000nam a22000007i 4500 |
| 001 |
IT\ICCU\UBO\1480157 |
| 003 |
ItRI |
| 005 |
20260304224610.0 |
| 008 |
011130s2001 it |||||| ||||| |||||c |
| 020 |
|
|
|a 8886865244
|
| 040 |
|
|
|b ita
|c ARCIGAY RIMINI
|
| 041 |
|
7 |
|a ita
|2 ISO-639-2
|
| 100 |
1 |
|
|a Casadei Turroni, Fabio
|0 IT\ICCU\UBOV\579382
|4 aut
|
| 245 |
1 |
0 |
|a Moto perpetuo /
|c Fabio Casadei Turroni.
|
| 260 |
|
|
|a Forli :
|b Zoe,
|c [2001]
|
| 300 |
|
|
|a 182 p. ;
|c 20 cm.
|
| 942 |
|
|
|2 ddc
|c BK
|
| 952 |
|
|
|0 0
|1 0
|2 ddc
|4 0
|6 853_920000000000000_CAS_MOT
|7 1
|9 2575
|a RN
|b RN
|d 2024-12-31
|l 0
|o 853.92 CAS MOT
|p 10019
|r 2024-12-31 11:32:31
|w 2024-12-31
|y BK
|
| 952 |
|
|
|0 0
|1 0
|4 0
|6 DOC_853_920000000000000_CAS
|7 0
|9 18018
|a BO
|b BO
|d 2026-01-15
|i 8646
|l 0
|o DOC 853.92 CAS
|p BO8646
|r 2026-01-15 23:19:51
|w 2026-01-15
|x [Sebina 5] [1 v.]
|y BK
|z 1 v.
|
| 999 |
|
|
|c 2234
|d 2234
|